000 00720nam0a22002531 4500
001 v19\rc\1505208
005 20250618163425.0
035 _a(NLR Aleph) 004631350
090 _a3171377
_c3171377
100 _a20060620d1888 |||y0rusy50 ca
101 0 _arus
102 _aRU
105 _ay z |||||
200 1 _aОб аде и мучениях адских
_fСост. И.П.
205 _a2-е изд.
210 _aМосква
_aКозельск
_cВведенск. оптиная пустынь
_d1888
215 _a96 с.
_d19
702 0 _aИ.П.
_4220
801 0 _aRU
_bNLR
_gpsbo
801 0 _aRU
_bRuMoRGB
_2psbo
801 1 _aRU
_bProSoft-M
_2rusmarc
852 _aNLR
_j18.316.4.291
942 _cBOOK
980 _aNB